000 00292nam a22001217a 4500
999 _c522788
_d522788
003 NUST
038 _aTanveer
082 _a624
_bVAZ
245 _aConcise Handbook of Civil Engineering /
_cV.N. Vazirani
260 _aNew Delhi :
_b?
_c1993
300 _aviii, 127p. :
_c25cm.
942 _2ddc
_cBK